00939nam a2200217 a 450000100060000000300080000600500170001400800410003103500190007204000270009104100080011808200260012611000390015224501820019126000560037330000360042950401230046565100380058870000320062683000630065843062BD-RjUL20211209053636.0160619s1966 caua b 101 0 eng d a(BD-RjUL)43180 aDLCcIAUdBD-RjULbeng1 aeng a330.952223bPOS 19662 aTōkyō Keizai Kenkyū Sentā.10aPostwar economic growth in Japan :bselected papers of the first conference of the Tokyo Economic Research Center /cedited by Ryūtarō Komiya ; translated by Robert S. Ozaki aBerkeley :bUniversity of California Press,cc1966. axviii, 260 p. :bill. ;c25 cm. aIncludes Bibliography of Japanese sources with their English titles": p. 251-256. Bibliographical footnotes and index. 0aJapanxEconomic conditionsy1945-1 aKomiya, Ryūtarō,d1928- 0aPublications of the Center for Japanese and Korean Studies